| 000 | 00486pab a2200169 454500 | ||
|---|---|---|---|
| 008 | 180718b2008 xxu||||| |||| 00| 0 eng d | ||
| 100 | _aSchiff, Maurice | ||
| 245 | _aNorth-south and south-south trade-related technology diffusion: how important are they in improving TFP growth? | ||
| 260 | _c2008 | ||
| 300 | _ap.49-59. | ||
| 362 | _aJan | ||
| 650 | _aInternational trade | ||
| 700 | _aWang, Yanling | ||
| 773 | _aJournal of Development Studies | ||
| 908 | _aN | ||
| 909 | _a78409 | ||
| 999 |
_c78409 _d78409 |
||